Principles of Electronic Circuits (Record no. 192056)

MARC details
000 -LEADER
fixed length control field 00505nam a2200205Ia 4500
008 - FIXED-LENGTH DATA ELEMENTS--GENERAL INFORMATION
fixed length control field 240823s9999||||xx |||||||||||||| ||und||
020 ## - INTERNATIONAL STANDARD BOOK NUMBER
International Standard Book Number 81-7515-187-0
082 ## - DEWEY DECIMAL CLASSIFICATION NUMBER
-- "621,3815 Q1"
100 ## - MAIN ENTRY--PERSONAL NAME
Personal name "Burns,Stanley G"
245 #0 - TITLE STATEMENT
Title Principles of Electronic Circuits
250 ## - EDITION STATEMENT
Edition statement 2nd
260 ## - PUBLICATION, DISTRIBUTION, ETC. (IMPRINT)
Date of publication, distribution, etc 2011
Name of publisher, distributor, etc "Galgotia,New Delhi"
500 ## - GENERAL NOTE
General note YES
650 ## - SUBJECT ADDED ENTRY--TOPICAL TERM
Topical term or geographic name as entry element Electronics
700 ## - ADDED ENTRY--PERSONAL NAME
Personal name " Bond,Paul R"
942 ## - ADDED ENTRY ELEMENTS (KOHA)
Item type Books
Holdings
Withdrawn status Lost status Damaged status Permanent location Current location Date acquired Source of acquisition Cost, normal purchase price Full call number Barcode Date last seen Koha item type
      CENTRAL LIBRARY, NOORUL ISLAM CENTRE FOR HIGHER EDUCATION CENTRAL LIBRARY, NOORUL ISLAM CENTRE FOR HIGHER EDUCATION 09/11/2012 World Book House Chennai 360.00 "621,3815 Q1" 44114 08/23/2024 Books
Visitors:
Copyright © 2024 Central Library NICHE.  All rights reserved.